Sistemas de ahorro de agua y energa̕ en la rehabilitacin̤ de instalaciones de ACS y AFCH

III Encuentro-edificacin̤ 14/16. Conferencia en la que se habla sobre los l͠timos avances en materia de innovacin̤ tecnolg̤ica, eficiencia energťica y polt̕ica medioambiental.

Gespeichert in:
Bibliographische Detailangaben
Weitere Verfasser: Ruz̕ Luis, Universidad Politčnica de Madrid
Format: Buch
Sprache:Spanisch
Schlagworte:
Online-Zugang:Sistemas de ahorro de agua y energa̕ en la rehabilitacin̤ de instalaciones de ACS y AFCH
Tags: Tag hinzufügen
Keine Tags, Fügen Sie den ersten Tag hinzu!

MARC

LEADER 00000nam a22000004a 4500
001 vpro6328
005 20201223000000.0
008 130801s2013 ck # g## #001 0#spa#d
020
022
040 |a CO-BoINGC 
041 0 |a spa 
245 1 0 |a Sistemas de ahorro de agua y energa̕ en la rehabilitacin̤ de instalaciones de ACS y AFCH 
246
264 |a Bogot ̀(Colombia) :  |b Revista VirtualPRO,  |c 2013 
520 3 |a III Encuentro-edificacin̤ 14/16. Conferencia en la que se habla sobre los l͠timos avances en materia de innovacin̤ tecnolg̤ica, eficiencia energťica y polt̕ica medioambiental. 
650 \ \ |a Agua 
650 \ \ |a Energa̕ 
650 \ \ |a Rendimiento de energa̕ 
650 \ \ |a Innovaciones tecnolg̤icas 
650 \ \ |a Water 
650 \ \ |a Energy 
650 \ \ |a Energy output ratio 
650 \ \ |a Technological innovations 
650 \ \ |a ahorro de agua 
650 \ \ |a saving water  
700 \ \ |a Ruz̕ Luis  
700 \ \ |a Universidad Politčnica de Madrid. 
856 |z Sistemas de ahorro de agua y energa̕ en la rehabilitacin̤ de instalaciones de ACS y AFCH  |u https://virtualpro.unach.elogim.com/biblioteca/sistemas-de-ahorro-de-agua-y-energia-en-la-rehabilitacion-de-instalaciones-de-acs-y-afch